| 000 | 02385nam0a2200421 i 4500 | ||
|---|---|---|---|
| 001 | RU\NLR\BIBL_A\011427239 | ||
| 005 | 20260406104849.0 | ||
| 010 |
_a9785927324507 _9150 |
||
| 021 |
_aRU _b2017-41761 _93032 |
||
| 035 | _a(RuMoRGB)008904535 | ||
| 035 | _a(NLR Aleph) 011427239 | ||
| 090 |
_a11634284 _c11634284 |
||
| 100 | _a20170627d2017 km y0rusy50 ca | ||
| 101 | 0 | _arus | |
| 102 | _aRU | ||
| 105 | _ay|||z|||000zy | ||
| 200 | 1 |
_aУроки "Нового мира" А. Т. Твардовского _e(на материале дневника А. В. Жигулина) _eмонография _fВ. В. Колобов _gМинистерство образования и науки РФ, Федеральное государственное бюджетное образовательное учреждение высшего образования "Воронежский государственный университет" |
|
| 210 |
_aВоронеж _cВГУ _d2017 |
||
| 215 |
_a242, [1] с. _d21 |
||
| 320 | _aБиблиогр.: с. 163-192 (407 назв.) и в подстроч. примеч. | ||
| 600 | 1 |
_aЖигулин _bА.В. _f1930 - 2000 _gАнатолий Владимирович _jДневники _91089583 _3RU\NLR\AUTH\66427160 |
|
| 600 | 1 |
_aТвардовский _bА. Т. _f1910 - 1971 _gАлександр Трифонович _xкак редактор _92334725 _3RU\NLR\AUTH\6601619872 |
|
| 601 | 0 | 2 |
_a"Новый мир", журнал _c1925 - ; Москва, город _91083367 _3RU\NLR\AUTH\66423777 |
| 686 |
_aШ5(2=Р)7-4Твардовский А.Т.39,0 _2rubbk |
||
| 686 |
_aШ5(2=Р)7-4Жигулин А.В.12г,0 _2rubbk |
||
| 686 | 1 | _aШ5(2=Р)7-4Твардовский | |
| 686 | 1 | _aШ5(2=Р)7-4Жигулин | |
| 686 | 1 | _aЧ612.4(2-2М)72 | |
| 686 | 1 | _aЧ612.3(2)7-8Твардовский | |
| 700 | 1 |
_aКолобов _bВ. В. _gВладимир Васильевич |
|
| 702 | 1 |
_aЖигулин _bА. В. _f1930-2000 _gАнатолий Владимирович _4570 |
|
| 702 | 1 |
_4570 _8rus _7ca _aТвардовский _bА.Т. _f1910-1971 _gАлександр Трифонович _3RU\NLR\AUTH\7720971 _94037 |
|
| 711 | 0 | 2 |
_a"Новый мир", журнал _c1925- ; Москва _3RU\NLR\AUTH\883661 _9278632 |
| 942 | _cBOOK | ||
| 980 | _aNBR | ||